[Event "4NCL-9899B BCCA-SL2"]
[Site "Rd9-Birmingham"]
[Date "1999.05.01"]
[Round "9.3"]
[White "Gough, Michael"]
[Black "Richmond, Robert"]
[Result "1-0"]
[WhiteElo "2160"]
[BlackElo "2112"]
[PlyCount "67"]
[EventDate "1999.05.01"]

1. d4 Nf6 2. Nf3 d6 3. c4 Nbd7 4. Nc3 e5 5. e4 Be7 6. Be2 O-O 7. O-O a6 8. Qc2
c6 9. Rd1 Qc7 10. h3 Re8 11. Be3 Bf8 12. dxe5 dxe5 13. Na4 c5 14. Nc3 b6 15.
Nd5 Nxd5 16. cxd5 Bd6 17. Nd2 Nf6 18. Nc4 a5 19. Na3 Bd7 20. Bg5 Kh8 21. Bb5
Ng8 22. Qa4 Bxb5 23. Qxb5 f6 24. Be3 Ne7 25. Nc4 Reb8 26. Rac1 Kg8 27. a4 Kf7
28. Na3 Qd8 29. Qe2 g6 30. Qg4 Nc8 31. Bh6 Qe7 32. Rc3 Rb7 33. Nb5 Na7 34. Qe6+
1-0

[Event "4NCL-9899B BCCA-SL2"]
[Site "Rd9-Birmingham"]
[Date "1999.05.01"]
[Round "9.4"]
[White "De Coverly, Roger"]
[Black "Hall, RVM."]
[Result "0-1"]
[WhiteElo "2110"]
[BlackElo "2120"]
[PlyCount "50"]
[EventDate "1999.05.01"]

1. d4 e6 2. e4 d5 3. Nd2 Nc6 4. Ngf3 Nf6 5. e5 Nd7 6. Be2 f6 7. exf6 Qxf6 8.
Nf1 Bd6 9. Ne3 b6 10. O-O Bb7 11. c4 dxc4 12. d5 Nce5 13. dxe6 Nc5 14. Nxe5
Qxe5 15. Bh5+ g6 16. Ng4 Qf5 17. e7 gxh5 18. Qd4 Rg8 19. f3 hxg4 20. fxg4 Bxh2+
21. Kxh2 Qxf1 22. Qd8+ Rxd8 23. exd8=Q+ Kxd8 24. Bg5+ Rxg5 25. Rxf1 Rxg4 0-1

[Event "4NCL-9899B BCCA-SL2"]
[Site "Rd9-Birmingham"]
[Date "1999.05.01"]
[Round "9.5"]
[White "Donnelly, MJ."]
[Black "Mashayekh, Majid"]
[Result "1/2-1/2"]
[WhiteElo "2064"]
[BlackElo "2065"]
[PlyCount "49"]
[EventDate "1999.05.01"]

1. d4 Nf6 2. c4 e6 3. Nf3 b6 4. e3 Bb7 5. Bd3 d5 6. O-O Be7 7. b3 O-O 8. Bb2
Nbd7 9. Nc3 Ne4 10. Qe2 f5 11. Ne5 Ndf6 12. f3 Nxc3 13. Bxc3 Bd6 14. Rfd1 Qe7
15. Rac1 Ba3 16. Rc2 a5 17. Be1 Nd7 18. Bg3 Nxe5 19. Bxe5 Rac8 20. e4 dxe4 21.
fxe4 Bd6 22. exf5 exf5 23. Rf1 g6 24. Bxd6 Qxd6 25. d5 1/2-1/2

[Event "4NCL-9899B BCCA-SL2"]
[Site "Rd9-Birmingham"]
[Date "1999.05.01"]
[Round "9.6"]
[White "Crichton, Martin"]
[Black "Hardman, Michael"]
[Result "1/2-1/2"]
[WhiteElo "2030"]
[BlackElo "1928"]
[PlyCount "58"]
[EventDate "1999.05.01"]

1. e4 c5 2. Nf3 d6 3. Bb5+ Bd7 4. a4 Nc6 5. O-O Nf6 6. Re1 e6 7. c3 Be7 8. d4
O-O 9. d5 Nb8 10. Bxd7 Qxd7 11. c4 e5 12. Nc3 Na6 13. Ra3 Nb4 14. Nb5 a6 15.
Nc3 b6 16. h3 Rfb8 17. Bg5 Ne8 18. Bxe7 Qxe7 19. Qe2 g6 20. Qd2 Kg7 21. a5 b5
22. b3 Nc7 23. Raa1 Rb7 24. Rad1 h6 25. Re2 Ne8 26. g3 Nf6 27. Kh2 Nh7 28. Kg2
Ng5 29. Qe3 Rf8 1/2-1/2

[Event "4NCL-9899B BCCA-SL2"]
[Site "Rd9-Birmingham"]
[Date "1999.05.01"]
[Round "9.7"]
[White "Phillips, David A"]
[Black "Armstrong, Malcolm"]
[Result "1/2-1/2"]
[WhiteElo "2000"]
[BlackElo "1976"]
[PlyCount "41"]
[EventDate "1999.05.01"]

1. e4 c6 2. d4 d5 3. Nc3 dxe4 4. Nxe4 Bf5 5. Ng3 Bg6 6. Nf3 Nd7 7. Be2 e6 8.
O-O Ngf6 9. b3 Qc7 10. Bb2 Bd6 11. c4 O-O 12. Nh4 Rad8 13. Nxg6 hxg6 14. Qc2 e5
15. Rad1 exd4 16. Bxd4 c5 17. Bc3 Rfe8 18. Bf3 Ne5 19. Bd5 Nxd5 20. Rxd5 Ng4
21. Rfd1 1/2-1/2

[Event "4NCL-9899B BCCA-SL2"]
[Site "Rd9-Birmingham"]
[Date "1999.05.01"]
[Round "9.8"]
[White "Ghasi, Ameet"]
[Black "Clark, Maureen"]
[Result "1-0"]
[WhiteElo "1848"]
[BlackElo "1408"]
[PlyCount "69"]
[EventDate "1999.05.01"]

1. Nf3 Nf6 2. d4 d5 3. Bg5 Nbd7 4. c3 g6 5. Nbd2 Bg7 6. e3 O-O 7. Bd3 c6 8. O-O
Re8 9. e4 dxe4 10. Nxe4 Nxe4 11. Bxe4 f5 12. Bd3 Qb6 13. Bc4+ e6 14. Qc2 Kh8
15. Rfe1 Nf6 16. Ne5 Qc7 17. Bf4 Qe7 18. Nd3 Nd5 19. Be5 Bxe5 20. Rxe5 Nc7 21.
Rae1 Bd7 22. Bb3 Qf8 23. Qd2 Re7 24. a3 b6 25. c4 Rae8 26. Qc3 Qg7 27. a4 Bc8
28. Bd1 Bd7 29. Bf3 a6 30. d5 c5 31. d6 Nd5 32. cxd5 exd5 33. dxe7 Bc6 34. Bxd5
Bxd5 35. Rxd5 1-0

[Event "4NCL-9899B BIG2-GD"]
[Site "Rd9-Birmingham"]
[Date "1999.05.01"]
[Round "9.1"]
[White "Dighton, Simon"]
[Black "Varley, Peter"]
[Result "1/2-1/2"]
[WhiteElo "2235"]
[BlackElo "2273"]
[PlyCount "28"]
[EventDate "1999.05.01"]

1. e4 e5 2. Nf3 Nc6 3. Bb5 d6 4. O-O Bd7 5. c3 g6 6. d4 Bg7 7. dxe5 Nxe5 8.
Nxe5 Bxe5 9. Bxd7+ Qxd7 10. Nd2 Bg7 11. Nf3 Ne7 12. Be3 O-O 13. Bd4 Nc6 14.
Bxg7 Kxg7 1/2-1/2

[Event "4NCL-9899B BIG2-GD"]
[Site "Rd9-Birmingham"]
[Date "1999.05.01"]
[Round "9.2"]
[White "Powell, J Lloyd"]
[Black "Grinsell, Lee"]
[Result "0-1"]
[WhiteElo "2152"]
[BlackElo "2195"]
[PlyCount "72"]
[EventDate "1999.05.01"]

1. d4 Nf6 2. c4 e6 3. g3 d5 4. Bg2 Be7 5. Nf3 O-O 6. O-O Nbd7 7. Nc3 c6 8. Qc2
b6 9. e4 Ba6 10. Ne5 Nxe5 11. dxe5 Nd7 12. exd5 cxd5 13. Re1 Bxc4 14. Bf4 Nc5
15. Rad1 Qc8 16. h4 a5 17. Rd4 Ra7 18. h5 a4 19. Qd2 b5 20. Bg5 Qd8 21. Bf4 b4
22. Nd1 Bxa2 23. Qe3 Bc4 24. Qf3 f5 25. exf6 Bxf6 26. Rd2 e5 27. Ne3 Rd7 28.
Nxc4 dxc4 29. Red1 exf4 30. Rxd7 Nxd7 31. Bh3 Ne5 32. Qe2 Qc7 33. gxf4 Nd3 34.
Be6+ Kh8 35. Bxc4 Qxc4 36. Rxd3 Qxf4 0-1

[Event "4NCL-9899B BIG2-GD"]
[Site "Rd9-Birmingham"]
[Date "1999.05.01"]
[Round "9.3"]
[White "Hadzimanolis, Antonis"]
[Black "Heymann, Ulrike"]
[Result "1-0"]
[WhiteElo "2190"]
[BlackElo "2156"]
[PlyCount "63"]
[EventDate "1999.05.01"]

1. e4 d6 2. d4 Nf6 3. Nc3 g6 4. f4 Bg7 5. Be2 O-O 6. Nf3 c5 7. d5 e6 8. dxe6
Bxe6 9. Ng5 Re8 10. O-O Nc6 11. f5 Bc8 12. Bf4 Ne5 13. Bxe5 Rxe5 14. Bc4 d5 15.
exd5 Rxf5 16. Rxf5 Bxf5 17. d6 Ng4 18. Nxf7 Qh4 19. Ne5+ Kh8 20. Nf7+ Kg8 21.
Ne5+ Kf8 22. Nxg4 Bd4+ 23. Kh1 Bxg4 24. Qe1 Bf2 25. Qe5 Bd4 26. Rf1+ Bf5 27.
Qd5 Kg7 28. Qxb7+ Kh6 29. Qxa8 Be5 30. Qf8+ Bg7 31. Qe7 Qxc4 32. Qe3+ 1-0

[Event "4NCL-9899B BIG2-GD"]
[Site "Rd9-Birmingham"]
[Date "1999.05.01"]
[Round "9.4"]
[White "Borg, Andy"]
[Black "Galloway, Iain"]
[Result "1/2-1/2"]
[WhiteElo "2151"]
[BlackElo "2135"]
[PlyCount "70"]
[EventDate "1999.05.01"]

1. d4 d5 2. Nf3 Bf5 3. Bf4 e6 4. e3 Nf6 5. c3 Be7 6. Qb3 Qc8 7. Nbd2 O-O 8. c4
Nc6 9. c5 Ne4 10. Bb5 Rd8 11. Bxc6 bxc6 12. Nxe4 Bxe4 13. O-O f6 14. Qc3 a5 15.
Nd2 Bf5 16. f3 Rd7 17. e4 Bg6 18. e5 Qa6 19. Rfe1 f5 20. b3 h6 21. Be3 Qc8 22.
f4 Qe8 23. Kh1 Bh5 24. Bf2 g5 25. g3 Qg6 26. Rg1 Bg4 27. Be3 Bd8 28. Raf1 Rh7
29. Rf2 Bh3 30. Qd3 g4 31. Nf1 h5 32. Rb2 h4 33. Bf2 Qh5 34. Be1 Kf8 35. a4 Qh6
1/2-1/2

[Event "4NCL-9899B BIG2-GD"]
[Site "Rd9-Birmingham"]
[Date "1999.05.01"]
[Round "9.5"]
[White "Taylor, Peter P"]
[Black "Adams, Mark"]
[Result "1-0"]
[WhiteElo "2150"]
[BlackElo "2035"]
[PlyCount "65"]
[EventDate "1999.05.01"]

1. d4 d5 2. c4 e6 3. Nc3 Nf6 4. cxd5 exd5 5. Bg5 Be7 6. e3 O-O 7. Qc2 Nbd7 8.
Bd3 h6 9. Bh4 c6 10. Nge2 Re8 11. O-O Ne4 12. Bxe7 Qxe7 13. Rae1 Ndf6 14. f3
Nxc3 15. Nxc3 Qd6 16. Qf2 Rd8 17. Rd1 Be6 18. a3 Rac8 19. Bb1 Rc7 20. Qh4 Qe7
21. Rfe1 Ne8 22. Qf2 Nd6 23. e4 Qf8 24. e5 Ne8 25. f4 f5 26. exf6 Qxf6 27. Qc2
Nd6 28. Re5 Bf7 29. Rde1 Re8 30. Qh7+ Kf8 31. Qh8+ Bg8 32. Bh7 Qf7 33. Bxg8 1-0

[Event "4NCL-9899B BIG2-GD"]
[Site "Rd9-Birmingham"]
[Date "1999.05.01"]
[Round "9.6"]
[White "Miles, Richard"]
[Black "Richardson, Alex"]
[Result "1-0"]
[WhiteElo "2084"]
[BlackElo "2130"]
[PlyCount "61"]
[EventDate "1999.05.01"]

1. d4 Nf6 2. Nf3 c5 3. c4 cxd4 4. Nxd4 e5 5. Nb5 d5 6. cxd5 Bc5 7. N5c3 O-O 8.
g3 Qb6 9. e3 Rd8 10. Bg2 Bg4 11. Qa4 Na6 12. O-O Nb4 13. Na3 a6 14. Qb3 Qd6 15.
Nc4 Qe7 16. e4 b5 17. Ne3 a5 18. Nxg4 Nxg4 19. Qd1 Nxf2 20. Rxf2 Ra6 21. Kf1
Bxf2 22. Kxf2 Qc5+ 23. Be3 Rf6+ 24. Bf3 Qc4 25. Kg2 Nd3 26. Be2 Nxb2 27. Bxc4
Nxd1 28. Rxd1 Rc8 29. d6 bxc4 30. d7 Rd8 31. Bg5 1-0

[Event "4NCL-9899B BIG2-GD"]
[Site "Rd9-Birmingham"]
[Date "1999.05.01"]
[Round "9.7"]
[White "Bourne, James"]
[Black "Gilbert, Jon"]
[Result "1-0"]
[WhiteElo "2085"]
[BlackElo "2100"]
[PlyCount "78"]
[EventDate "1999.05.01"]

1. d4 d5 2. c4 c6 3. Nf3 Nf6 4. Nc3 a6 5. e3 Bf5 6. Be2 e6 7. O-O Be7 8. a3
Nbd7 9. Bd2 Bd6 10. Rc1 h6 11. Qb3 Rb8 12. Na2 Ne4 13. Bb4 Bc7 14. a4 a5 15.
Ba3 g5 16. Qd1 g4 17. Nd2 Nxd2 18. Qxd2 Nf6 19. Nc3 h5 20. Bd3 h4 21. cxd5 g3
22. e4 h3 23. fxg3 Ng4 24. Rxf5 hxg2 25. dxe6 Qxd4+ 26. Rf2 Bxg3 27. exf7+ Kd7
28. Nd1 Rxh2 29. Rc2 Rbh8 30. f8=Q Rxf8 31. Bxf8 Rh1+ 32. Kxg2 Rh2+ 33. Kxg3
Qe5+ 34. Qf4 Qxf4+ 35. Kxf4 Nxf2 36. Rxf2 Rh4+ 37. Ke3 Rh3+ 38. Kd4 Ke6 39. Ba3
b6 {etc (43 moves)} 1-0

[Event "4NCL-9899B BIG2-GD"]
[Site "Rd9-Birmingham"]
[Date "1999.05.01"]
[Round "9.8"]
[White "Fletcher, John"]
[Black "Bhatia, Kanwal"]
[Result "1-0"]
[WhiteElo "2100"]
[BlackElo "1864"]
[PlyCount "37"]
[EventDate "1999.05.01"]

1. d4 Nf6 2. Nc3 c5 3. d5 d6 4. e4 g6 5. Bb5+ Nbd7 6. a4 Bg7 7. f4 O-O 8. Nf3
a6 9. Bc4 Qc7 10. O-O Nb6 11. Be2 Rd8 12. Qe1 Nbd7 13. Qh4 Nf8 14. e5 Ne8 15.
Ng5 dxe5 16. fxe5 Bf5 17. g4 Bxc2 18. Nxf7 Bxe5 19. Nh6+ 1-0

[Event "4NCL-9899B BR2-GUI"]
[Site "Rd9-Birmingham"]
[Date "1999.05.01"]
[Round "9.1"]
[White "Jakubovics, Nick"]
[Black "Kinsman, Andrew"]
[Result "1/2-1/2"]
[WhiteElo "2210"]
[BlackElo "2369"]
[PlyCount "42"]
[EventDate "1999.05.01"]

1. e4 e6 2. d4 d5 3. Nd2 Nf6 4. e5 Nfd7 5. Bd3 c5 6. c3 Nc6 7. Ne2 cxd4 8. cxd4
f6 9. exf6 Nxf6 10. O-O Bd6 11. Nf3 Qb6 12. b3 O-O 13. Bb2 Bd7 14. Ng3 Bf4 15.
Ne5 Be8 16. Nxc6 Bxc6 17. Nh5 Bd6 18. Re1 Be8 19. Ng3 Bd7 20. Rc1 Rae8 21. Bb1
a5 1/2-1/2

[Event "4NCL-9899B BR2-GUI"]
[Site "Rd9-Birmingham"]
[Date "1999.05.01"]
[Round "9.2"]
[White "Povah, Nigel"]
[Black "Easton, Alex"]
[Result "1-0"]
[WhiteElo "2325"]
[BlackElo "2160"]
[PlyCount "151"]
[EventDate "1999.05.01"]

1. d4 Nf6 2. Bg5 Ne4 3. Bf4 d5 4. e3 Bf5 5. f3 Nf6 6. c4 e6 7. Nc3 Bd6 8. Bg5
Be7 9. Bxf6 Bxf6 10. cxd5 c5 11. dxc6 Nxc6 12. Bd3 Bxd3 13. Qxd3 O-O 14. Nge2
Rc8 15. O-O Ne5 16. Qb5 Nc4 17. Kf2 Qc7 18. Ne4 a6 19. Qb3 Be7 20. Rac1 b5 21.
g3 Qb6 22. Rc2 e5 23. Rfc1 Qh6 24. Kg1 Rcd8 25. dxe5 Nxe5 26. Nd4 Nc4 27. Nf5
Qe6 28. Nxe7+ Qxe7 29. a4 f5 30. axb5 axb5 31. Qxb5 Nxe3 32. Qb3+ Nd5 33. Rd1
fxe4 34. Rxd5 Kh8 35. f4 e3 36. Re2 Rxd5 37. Qxd5 Rd8 38. Qb3 Re8 39. Qd3 h6
40. b3 Kg8 41. Qd5+ Kh8 42. Kg2 Qb4 43. Kf3 Qe7 44. h4 Qa7 45. h5 Qa1 46. Kg2
Qa6 47. Kf3 Qa1 48. Qd3 Qa8+ 49. Kg4 Qc8+ 50. Kh4 Qc5 51. Qd7 Ra8 52. Qe6 Ra1
53. Qe8+ Kh7 54. Qe4+ Kh8 55. Rxe3 Rh1+ 56. Qxh1 Qxe3 57. Qd5 Qe1 58. Qd8+ Kh7
59. Qd3+ Kh8 60. Qd8+ Kh7 61. Qd5 Kh8 62. Qf3 Kh7 63. f5 Kg8 64. f6 gxf6 65.
Qxf6 Qh1+ 66. Kg4 Qd1+ 67. Qf3 Qd7+ 68. Kh4 Qe7+ 69. Kh3 Kh8 70. Qc3+ Kh7 71.
Qd3+ Kh8 72. Qd4+ Kh7 73. b4 Qe2 74. Qd7+ Kh8 75. Qc8+ Kg7 76. Qg4+ 1-0

[Event "4NCL-9899B BR2-GUI"]
[Site "Rd9-Birmingham"]
[Date "1999.05.01"]
[Round "9.3"]
[White "Buckley, Simon"]
[Black "Anderton, Matthew"]
[Result "1-0"]
[WhiteElo "2144"]
[BlackElo "2273"]
[PlyCount "91"]
[EventDate "1999.05.01"]

1. e4 e6 2. d4 d5 3. Nc3 Bb4 4. e5 c5 5. a3 Bxc3+ 6. bxc3 Qc7 7. Nf3 Ne7 8. Bd3
Nbc6 9. O-O c4 10. Be2 Bd7 11. Ng5 O-O 12. f4 f6 13. Nh3 Be8 14. Bg4 Qd7 15. a4
Bg6 16. Re1 fxe5 17. fxe5 Bf5 18. Ba3 h6 19. Nf4 Bxg4 20. Qxg4 Rf5 21. h4 Kh7
22. Re3 g6 23. Rf1 Raf8 24. Ref3 Rg8 25. Ne2 Rgf8 26. Qh3 Rxf3 27. Rxf3 Rxf3
28. Qxf3 Nf5 29. Qf2 Nd8 30. g4 Ng7 31. Bf8 Qf7 32. Qxf7 Nxf7 33. Nf4 Nd8 34.
Be7 Nc6 35. Bf6 h5 36. Bxg7 Kxg7 37. Nxe6+ Kf7 38. Nc7 Ne7 39. Kg2 a6 40. Kg3
hxg4 41. Kxg4 Kg7 42. Kg5 Kf7 43. e6+ Kg7 44. a5 Nc6 45. Nxd5 Nxa5 46. Nc7 1-0

[Event "4NCL-9899B BR2-GUI"]
[Site "Rd9-Birmingham"]
[Date "1999.05.01"]
[Round "9.4"]
[White "Thompson, Ian"]
[Black "Dilleigh, Stephen"]
[Result "1/2-1/2"]
[WhiteElo "2278"]
[BlackElo "2215"]
[PlyCount "74"]
[EventDate "1999.05.01"]

1. c4 g6 2. Nc3 Bg7 3. g3 Nf6 4. Bg2 O-O 5. e4 c5 6. Nge2 Nc6 7. O-O Ne8 8. a3
Nc7 9. Rb1 a5 10. b3 d6 11. Bb2 Bg4 12. f3 Bd7 13. d3 Rb8 14. Kh1 b5 15. cxb5
Nxb5 16. Nxb5 Rxb5 17. Bxg7 Kxg7 18. d4 cxd4 19. Nxd4 Nxd4 20. Qxd4+ f6 21.
Rfc1 Be6 22. b4 axb4 23. axb4 Qb6 24. Qxb6 Rxb6 25. Bf1 Rfb8 26. Rc7 Rxb4 27.
Rxe7+ Bf7 28. Rxb4 Rxb4 29. Rd7 Rd4 30. Bb5 g5 31. Kg1 Kg6 32. Kf2 Be8 33. Rb7
Bxb5 34. Rxb5 Rd2+ 35. Ke3 Rxh2 36. Rd5 h5 37. Rxd6 Kg7 1/2-1/2

[Event "4NCL-9899B BR2-GUI"]
[Site "Rd9-Birmingham"]
[Date "1999.05.01"]
[Round "9.5"]
[White "Hanley, Craig"]
[Black "Granat, Russell"]
[Result "1/2-1/2"]
[WhiteElo "2110"]
[BlackElo "2255"]
[PlyCount "113"]
[EventDate "1999.05.01"]

1. c4 Nf6 2. Nc3 e5 3. g3 Nc6 4. Bg2 d6 5. e4 Nd4 6. d3 Be7 7. Be3 c5 8. f3 Bd7
9. Nge2 a6 10. O-O b5 11. h3 b4 12. Nd5 Nxd5 13. exd5 Nf5 14. Bf2 Bg5 15. f4
exf4 16. gxf4 Bh4 17. d4 Bxf2+ 18. Rxf2 cxd4 19. Nxd4 O-O 20. Nxf5 Bxf5 21. Qd2
a5 22. Re1 Qd7 23. Kh2 Rfe8 24. Rfe2 Rxe2 25. Qxe2 Kf8 26. Kg3 h6 27. Bf1 a4
28. Qd2 Rb8 29. h4 a3 30. b3 Qd8 31. Bd3 Qf6 32. Bxf5 Qxf5 33. Qe2 Qg6+ 34. Qg4
Qd3+ 35. Kg2 Rd8 36. Re2 Qd4 37. Qf5 g6 38. Qe4 Qf6 39. Kg3 Qc3+ 40. Qe3 Qf6
41. Qb6 g5 42. hxg5 hxg5 43. Qe3 gxf4+ 44. Qxf4 Qg6+ 45. Kf3 Qh5+ 46. Kf2 Qg6
47. Qh4 Qf5+ 48. Kg1 f6 49. Qh8+ Kf7 50. Qxd8 Qg4+ 51. Kf1 Qf3+ 52. Ke1 Qg3+
53. Rf2 Qe3+ 54. Kf1 Qh3+ 55. Ke2 Qg4+ 56. Ke3 Qg3+ 57. Rf3 1/2-1/2

[Event "4NCL-9899B BR2-GUI"]
[Site "Rd9-Birmingham"]
[Date "1999.05.01"]
[Round "9.7"]
[White "Grossett, Duncan"]
[Black "James, Russell"]
[Result "1-0"]
[WhiteElo "2048"]
[BlackElo "2155"]
[PlyCount "77"]
[EventDate "1999.05.01"]

1. e4 e5 2. Nc3 Nf6 3. g3 Nc6 4. Bg2 Bc5 5. Nge2 O-O 6. O-O d6 7. d3 a6 8. h3
Kh8 9. Kh2 Ng8 10. f4 Nd4 11. Nxd4 exd4 12. Ne2 d5 13. f5 dxe4 14. dxe4 f6 15.
a3 a5 16. Rb1 a4 17. b4 axb3 18. Rxb3 Ra6 19. Rd3 Rd6 20. Rf4 Ne7 21. Rh4 g5
22. fxg6 Nxg6 23. Rh6 Ne5 24. Nf4 f5 25. Rxd6 Qxd6 26. Rb3 Bd7 27. exf5 Bxf5
28. Rxb7 Bb6 29. Bb2 c5 30. Qe2 Bc7 31. a4 Bc8 32. Rb3 c4 33. Ba3 Qh6 34. Bxf8
Qxf8 35. Rb5 d3 36. cxd3 cxd3 37. Nxd3 Nxd3 38. Qxd3 Qe7 39. Qd4+ 1-0

[Event "4NCL-9899B BR2-GUI"]
[Site "Rd9-Birmingham"]
[Date "1999.05.01"]
[Round "9.8"]
[White "Norman, Dinah"]
[Black "Tidman, Sophie"]
[Result "1-0"]
[WhiteElo "2064"]
[BlackElo "1752"]
[PlyCount "71"]
[EventDate "1999.05.01"]

1. d4 f5 2. Nf3 Nf6 3. g3 g6 4. Bg2 Bg7 5. c3 O-O 6. O-O d6 7. Qb3+ e6 8. Ng5
d5 9. Nd2 Ne4 10. Nh3 c5 11. Nxe4 fxe4 12. Be3 cxd4 13. cxd4 Nc6 14. Rad1 Bd7
15. f3 Na5 16. Qb4 Nc4 17. Bg5 Qc8 18. fxe4 Rxf1+ 19. Kxf1 a5 20. Qb3 e5 21.
Nf2 h6 22. Bc1 Qe8 23. Qf3 exd4 24. exd5 Ne5 25. Qf4 Bb5 26. Nd3 Qe7 27. Kg1
Rf8 28. Qe4 Bxd3 29. exd3 Qc7 30. Bf4 Qc2 31. Rc1 Qxb2 32. Rc7 Qb1+ 33. Bf1 g5
34. Rxg7+ Kxg7 35. Bxe5+ Kf7 36. Bxd4 1-0

[Event "4NCL-9899B KH-IK2"]
[Site "Rd9-Birmingham"]
[Date "1999.05.01"]
[Round "9.1"]
[White "Thomas, Richard H"]
[Black "Griffiths, Paul V"]
[Result "1-0"]
[WhiteElo "2295"]
[BlackElo "2200"]
[PlyCount "69"]
[EventDate "1999.05.01"]

1. c4 Nf6 2. Nc3 e6 3. g3 d5 4. d4 dxc4 5. Bg2 c6 6. Nf3 Nbd7 7. a4 Bb4 8. O-O
O-O 9. Qc2 Re8 10. Bf4 Nd5 11. Ne4 b5 12. Neg5 Nf8 13. Ne5 Nxf4 14. gxf4 Bb7
15. Nxc6 Qd6 16. axb5 Qxf4 17. Nh3 Qh4 18. e4 Bd6 19. Na5 Rab8 20. Nxb7 Rxb7
21. e5 Bb8 22. Bxb7 Qxh3 23. Qxc4 Qg4+ 24. Bg2 Ng6 25. Qc6 Rd8 26. Qf3 Qg5 27.
Rfd1 h6 28. Qg3 Qh5 29. Bf3 Qf5 30. Qg4 Qc2 31. Be4 Qxb2 32. Bxg6 fxg6 33.
Qxe6+ Kh7 34. Qc4 Rf8 35. Ra2 1-0

[Event "4NCL-9899B KH-IK2"]
[Site "Rd9-Birmingham"]
[Date "1999.05.01"]
[Round "9.2"]
[White "Shephard, Martin"]
[Black "McMichael, Rick"]
[Result "1/2-1/2"]
[WhiteElo "2136"]
[BlackElo "2255"]
[PlyCount "90"]
[EventDate "1999.05.01"]

1. e4 e6 2. d4 d5 3. Nd2 dxe4 4. Nxe4 Bd7 5. Nf3 Bc6 6. Bd3 Nd7 7. O-O Ngf6 8.
Re1 Be7 9. c3 Nxe4 10. Bxe4 Bxe4 11. Rxe4 O-O 12. Qc2 c6 13. Bd2 Bf6 14. Rae1
c5 15. Rg4 cxd4 16. Nxd4 Ne5 17. Rg3 Re8 18. Qb3 Qd7 19. Bg5 Bxg5 20. Rxg5 Ng6
21. Rb5 b6 22. a4 Rad8 23. a5 e5 24. Nf3 Qf5 25. h3 Rd3 26. Re3 Rxe3 27. fxe3
Qd3 28. Kf2 e4 29. Rd5 Qa6 30. Rd7 Rf8 31. Ng5 Qxa5 32. Rd5 Qa6 33. Nxe4 Qc8
34. Qd1 h6 35. Qd4 Qe6 36. Rd8 Qf5+ 37. Kg1 Rxd8 38. Qxd8+ Kh7 39. Qd4 Ne5 40.
Ng3 Qg5 41. Kh2 g6 42. Ne4 Qe7 43. Kg1 f5 44. Nd6 Qe6 45. e4 fxe4 1/2-1/2

[Event "4NCL-9899B KH-IK2"]
[Site "Rd9-Birmingham"]
[Date "1999.05.01"]
[Round "9.3"]
[White "Kwiatkowski, Felix"]
[Black "Taylor, Martin"]
[Result "1-0"]
[WhiteElo "2220"]
[BlackElo "2070"]
[PlyCount "99"]
[EventDate "1999.05.01"]

1. e4 e5 2. Nf3 Nc6 3. Bb5 a6 4. Ba4 Nf6 5. O-O b5 6. Bb3 Be7 7. Re1 d6 8. c3
O-O 9. h3 Na5 10. Bc2 c5 11. d4 Qc7 12. Nbd2 Re8 13. Nf1 Nc4 14. a4 Bb7 15. Ng3
Nb6 16. Nf5 Bf8 17. Bg5 Nbd7 18. d5 h6 19. Bc1 c4 20. Be3 Nc5 21. Ng3 Rab8 22.
Qd2 Bc8 23. Ra3 Kh7 24. axb5 axb5 25. Nh2 g6 26. Rf1 Bg7 27. Raa1 Rb7 28. f4
exf4 29. Rxf4 Kg8 30. Raf1 Ncd7 31. Bd4 Qd8 32. Qf2 Re5 33. Ng4 Nxg4 34. Rxg4
Nf8 35. Rf4 Ree7 36. Bxg7 Kxg7 37. Ne2 Nh7 38. Nd4 Rec7 39. Nc6 Qe8 40. Qd4+
Kg8 41. Ra1 f6 42. Ra8 Kg7 43. Rf1 Qd7 44. e5 dxe5 45. Nxe5 Qd6 46. Nxg6 Ng5
47. Nf4 Qc5 48. Nh5+ Kh8 49. Qxc5 Rxc5 50. Rxf6 1-0

[Event "4NCL-9899B KH-IK2"]
[Site "Rd9-Birmingham"]
[Date "1999.05.01"]
[Round "9.4"]
[White "Gurr, Lyndon"]
[Black "Okike, David"]
[Result "0-1"]
[WhiteElo "2120"]
[BlackElo "2145"]
[PlyCount "72"]
[EventDate "1999.05.01"]

1. d4 Nf6 2. Nf3 g6 3. c4 Bg7 4. Nc3 d6 5. e4 O-O 6. Be2 e5 7. O-O Nc6 8. d5
Ne7 9. Ne1 Nd7 10. Be3 f5 11. f3 Nf6 12. Rc1 Kh8 13. b4 Neg8 14. Rc2 Nh5 15.
Nd3 Bh6 16. Bf2 Bd7 17. c5 Ngf6 18. Nb2 Nf4 19. Nc4 Ne8 20. Bd3 Qg5 21. Be3 Qh5
22. Qd2 Rf6 23. Kh1 Bg7 24. b5 Nxd3 25. Qxd3 f4 26. Bg1 dxc5 27. Bxc5 Nd6 28.
Nxd6 cxd6 29. Bg1 g5 30. Nd1 g4 31. Rc7 gxf3 32. gxf3 Bh3 33. Rf2 b6 34. Qa3
Rg6 35. Rxa7 Rxa7 36. Qxa7 Qxf3+ 0-1

[Event "4NCL-9899B KH-IK2"]
[Site "Rd9-Birmingham"]
[Date "1999.05.01"]
[Round "9.5"]
[White "Ward, Julian"]
[Black "Garner, David"]
[Result "1/2-1/2"]
[WhiteElo "2052"]
[BlackElo "2092"]
[PlyCount "47"]
[EventDate "1999.05.01"]

1. Nf3 Nf6 2. c4 g6 3. g3 Bg7 4. Bg2 O-O 5. O-O d6 6. d4 Nbd7 7. Nc3 e5 8. Qc2
c6 9. Rd1 Qe7 10. b3 Re8 11. e3 exd4 12. Nxd4 Nc5 13. Bb2 h5 14. b4 Nce4 15.
Nxe4 Nxe4 16. f3 Ng5 17. e4 Bh3 18. Re1 Bxg2 19. Qxg2 d5 20. h4 Ne6 21. Nxe6
Qxe6 22. Bxg7 Kxg7 23. Qb2+ Kg8 24. exd5 1/2-1/2

[Event "4NCL-9899B KH-IK2"]
[Site "Rd9-Birmingham"]
[Date "1999.05.01"]
[Round "9.6"]
[White "Noakes, Matthew"]
[Black "Mackenzie, Colin"]
[Result "0-1"]
[WhiteElo "2016"]
[BlackElo "2125"]
[PlyCount "92"]
[EventDate "1999.05.01"]

1. d4 e6 2. c4 Nf6 3. Nc3 Bb4 4. Nf3 O-O 5. Bg5 c5 6. e3 cxd4 7. exd4 Bxc3+ 8.
bxc3 Qa5 9. Qc2 Ne4 10. Bd2 Nxd2 11. Nxd2 d6 12. Be2 e5 13. O-O Nc6 14. Nb3 Qc7
15. f4 g6 16. Rad1 Bf5 17. Bd3 Bxd3 {(Draw offer)} 18. Qxd3 exf4 19. Rxf4 Na5
20. d5 Nxb3 21. axb3 Qb6+ 22. Rf2 Qxb3 23. Rb1 Qa3 24. Rxb7 Rab8 25. Rfb2 Rxb7
26. Rxb7 Qc1+ 27. Kf2 a5 28. g3 Qh1 29. h4 Qh2+ 30. Kf3 Qh1+ 31. Kf2 Qh2+ 32.
Kf3 a4 33. Ra7 Qh1+ 34. Kf2 Qh2+ 35. Kf3 Qh1+ 36. Kf2 Re8 37. Rxa4 Qe1+ 38. Kf3
Qh1+ 39. Kf2 Qe1+ 40. Kf3 Qh1+ 41. Kf2 Qh2+ 42. Kf3 Re5 43. Ra8+ Kg7 44. Qd4
Qe2+ 45. Kf4 Qf1+ 46. Kg4 h5# 0-1

[Event "4NCL-9899B KH-IK2"]
[Site "Rd9-Birmingham"]
[Date "1999.05.01"]
[Round "9.7"]
[White "Gilfillan, Andrew"]
[Black "Richards, Paul"]
[Result "1-0"]
[WhiteElo "2032"]
[BlackElo "1528"]
[PlyCount "63"]
[EventDate "1999.05.01"]

1. e4 e5 2. Nf3 Nc6 3. Bc4 Nf6 4. d3 Be7 5. c3 O-O 6. O-O d6 7. b4 a6 8. Re1 b5
9. Bb3 a5 10. bxa5 Nxa5 11. Bc2 Nc6 12. d4 Bb7 13. Bb2 b4 14. d5 bxc3 15. Bxc3
Nb8 16. a4 c6 17. Bb3 cxd5 18. exd5 Nbd7 19. a5 Nc5 20. Bc4 Ba6 21. Nbd2 Nd3
22. Bxd3 Bxd3 23. Nf1 e4 24. Ne3 exf3 25. Qxd3 fxg2 26. Nf5 Re8 27. Qg3 g6 28.
Rxe7 Rxe7 29. Bxf6 Re1+ 30. Rxe1 Qxf6 31. Ne7+ Kg7 32. Nc6 1-0

[Event "4NCL-9899B KH-IK2"]
[Site "Rd9-Birmingham"]
[Date "1999.05.01"]
[Round "9.8"]
[White "Richards, Susan"]
[Black "Kelly, Alex"]
[Result "0-1"]
[WhiteElo "1184"]
[BlackElo "1400"]
[PlyCount "62"]
[EventDate "1999.05.01"]

1. e4 c5 2. c3 d5 3. d3 dxe4 4. Qa4+ Nc6 5. Qxe4 Nf6 6. Qa4 Bd7 7. Nf3 g6 8.
Be2 Nd4 9. Qd1 Nxe2 10. Qxe2 Rc8 11. O-O Bf5 12. d4 Bg7 13. dxc5 Bd3 14. Qe3
Bxf1 15. Kxf1 Qd1+ 16. Qe1 Qxe1+ 17. Kxe1 Rxc5 18. Be3 Rb5 19. b4 Nd5 20. Bd4
Bxd4 21. Nxd4 Rb6 22. a4 O-O 23. a5 Rf6 24. c4 Nxb4 25. Nd2 Rd8 26. N2f3 Rxf3
27. gxf3 Rxd4 28. Rb1 Rxc4 29. Rd1 Rc5 30. Rd7 Rxa5 31. Rxb7 Nd5 0-1

[Event "4NCL-9899B WG2-SWD"]
[Site "Rd9-Birmingham"]
[Date "1999.05.01"]
[Round "9.1"]
[White "Law, Andrew"]
[Black "Zeidler, Sven"]
[Result "1-0"]
[WhiteElo "2328"]
[BlackElo "2222"]
[PlyCount "67"]
[EventDate "1999.05.01"]

1. d4 f5 2. Nc3 d5 3. Bf4 Nf6 4. e3 e6 5. Nb5 Na6 6. c4 c6 7. Nc3 dxc4 8. Bxc4
b5 9. Bb3 b4 10. Na4 Bd6 11. Bxd6 Qxd6 12. Nf3 O-O 13. O-O Ne4 14. Rc1 Rf6 15.
Ne5 Bb7 16. f3 Ng5 17. Nc5 Nxc5 18. Rxc5 Rh6 19. Qe1 Nf7 20. Qxb4 Ba6 21. Rfc1
Nxe5 22. dxe5 Qd3 23. Qd4 Qxd4 24. exd4 Bb7 25. R1c4 Rd8 26. Ra4 a6 27. Rb4 Rd7
28. g3 Kf7 29. Ba4 f4 30. Bxc6 Bxc6 31. Rxc6 a5 32. Rbc4 fxg3 33. hxg3 Rd5 34.
R6c5 1-0